000 00880nam0a22002771 4500
001 rc\4481042
005 20250612094717.0
021 _aRU
_b[66-89536]
035 _a(NLR Aleph) 008602354
090 _a8712125
_c8712125
100 _a20130416d1966 |||y0rusy50 ca
101 0 _arus
102 _aRU
105 _aa z |||||
200 1 _aПароксизмальный паралич
210 _aМосква
_cМедицина
_d1966
215 _a120 с., 1 л. схем.
_cил.
_d20
225 1 _aБиблиотека практического врача
320 _aБиблиогр.: с. 114-119
606 _aПараличи пароксизмальные
_2psbo
700 1 _aКуимов
_bД.Т.
_f1897-1971
_gДмитрий Тарасович
801 0 _aRU
_bNLR
_gpsbo
801 1 _aRU
_bELAR
_2rusmarc
852 _aNLR
_j67-3/11
942 _cBOOK
980 _aNB